000 01724nam0a22002651 4500
001 rc\591718
005 20031121163231.4
035 _a(NLR Aleph) 005836849
090 _a5637252
_c5637252
100 _a20031121d1986 u |0rusy50 ca
101 0 _arus
102 _aRU
105 _aa |||||||||
200 1 _aАВТОМАТИЗИРОВАННАЯ система формирования проектных решений производственных комплексов (ФОРПРОЕКТ-85)
_eПодсистема "Формирование конструктив. решений пром. зданий" (ФОРПРОЕКТ-КР)
_f[Эпельцвейг Г.Я. и др.]
210 _aМ.
_cЦНИИпроект
_d1986
215 _a[1], 121 с.
_cил.
_d20
225 1 _aСистемы автоматизированного проектирования (САПР)
_fГосстрой СССР, ЦНИИпроект, Гос. фонд алгоритмов и программ, Межотрасл. фонд алгоритмов и программ автоматизир. систем в стр-ве (МОФАН-АСС)
_v1-236-3. ЕС ЭВМ, ОС 6.1, ПЛ-1, АЛГОЛ, ФОРТРАН
320 _aБиблиогр.: с. 120
702 1 _aЭпельцвейг
_bГ. Я.
_gГарри Яковлевич
_4220
712 0 2 _aЦентральный н.-и. и проектно-эксперим. ин-т по методологии, организации, экономике и автоматизации проектирования и инж. изысканий
_cМосква
_3RU\NLR\AUTH\889937024
801 0 _aRU
_bNLR
_gpsbo
801 1 _aRU
_bELAR
_2rusmarc
852 _aNLR
_j87-3/14462
942 _cBOOK
980 _aNB